| 000 | 00583cab a2200217 4500 | ||
|---|---|---|---|
| 001 | X988 | ||
| 008 | 090401t1993 xxu||||| |||| 00| 0 eng d | ||
| 035 | _a(Sirsi) u68538 | ||
| 041 | _aeng | ||
| 100 | _aGoodchild, S. | ||
| 245 | _aRegional investment | ||
| 260 | _c1993 | ||
| 350 | _a0 | ||
| 490 |
_aCSW - The Property Week _v44(11) 9 September 1993, 18-19(2) |
||
| 650 | _aFOREIGN INVESTMENT | ||
| 650 | _aINVESTMENT MARKET | ||
| 650 | _aREGIONAL | ||
| 690 | _aPROPERTY-COMMERCIAL PROPERTY-COMMERCIAL PROPERTY FINANCE AND INVESTMENT | ||
| 942 | _n0 | ||
| 948 | _c04/03/1997 | ||
| 999 |
_c42999 _d42999 |
||